| 000 | 00990nas a2200337 4500 | ||
|---|---|---|---|
| 001 | BR2013010878 | ||
| 003 | BR-BrBNA | ||
| 005 | 20231205123528.0 | ||
| 007 | ta | ||
| 008 | 230509b bl.|||p| |||| 00| 00por d | ||
| 040 |
_aBR-BrBNA _bpor _cBiblioteca Nacional de Agricultura |
||
| 041 | _a(En) | ||
| 072 | _aF04; P33 | ||
| 100 | 1 | _aTrivelin, P.C.O. | |
| 100 | 1 | _aFranco, H.C.J. | |
| 100 | 1 | _aOtto, R. | |
| 100 | 1 | _aFerreira, D.A. | |
| 100 | 1 | _aVitti, A.C. | |
| 100 | 1 | _aFortes, C. | |
| 100 | 1 | _aFaroni, C.E. | |
| 100 | 1 | _aOliveira, E.C.A. | |
| 100 | 1 | _aCantarella, H. | |
| 245 | 1 | _aImpact of sugarcane trash on fertilizer requirements for São Paulo, Brazil | |
| 650 | _aCANA DE AÇÚCAR | ||
| 650 | _aRESÍDUO | ||
| 650 | _aFERTILIZANTE NITROGENADO | ||
| 650 | _aFERTILIDADE DO SOLO | ||
| 773 | 0 |
_tScientia Agricola (Brazil) _xISSN 0103-9016 _g(Sep-Oct 2013), v. 70(5) p. 345-352 _wBR2013010878 |
|
| 909 |
_a202311 _bLúcia _c55 _dLúcia Elande |
||
| 942 |
_2AGRIS _n0 _cANA |
||
| 999 |
_c234368 _d234368 |
||